Giacomo Joyce

Saved in:
Bibliographic Details
Main Author: Joyce, James, 1882-1941
Other Authors: Μαραγκόπουλος, Άρης, 1948- (Editor, Translator)
Format: Book
Language:Greek
English
Published: Αθήνα : Σμίλη, 1994.
Subjects:
Tags: Add Tag
No Tags, Be the first to tag this record!

MARC

LEADER 00000cam a2200000 i 4500
001 1/33530
008 960802s1994 gr | ||| |||| ||gre||
020 |a 9607218647  
035 |1 ΕΛΗ  |a 1996  |b 2507  |c ΒΙΒΛΙΟΘΗΚΗ  |l 10039394 
040 |a GR-MyUA  |b gre  |e AACR2 
041 1 |a gre  |h eng 
082 0 |a 828.991 
100 1 |a Joyce, James,   |d 1882-1941. 
245 1 0 |a Giacomo Joyce /   |c James Joyce ; εισαγωγή R. Ellmann ; μετάφραση, φιλολογική επιμέλεια Αρης Μαραγκόπουλος.  
246 3 3 |a Τζιάκομο Τζόυς 
260 |a Αθήνα :   |b Σμίλη,   |c 1994.  
300 |a 110 σ. ;   |c 24 εκ.  
500 |a Τίτλος πρωτοτύπου: Giacomo Joyce, With an Introduction and Notes By Richard Ellmann.  
650 0 0 |a Irish poetry. 
700 1 |a Μαραγκόπουλος, Άρης,   |d 1948-  |e edt  |e trl 
852 |a INST  |b SAMOS  |e 19960802  |h 828.991 JOY  |p 005300009395  |q 005300009395  |t BK  |y 0 
909 |a Σ  |b 041732